MICROECONOMICS (Record no. 594589)
[ view plain ]
| 000 -LEADER | |
|---|---|
| fixed length control field | 00274nam a22001217a 4500 |
| 020 ## - INTERNATIONAL STANDARD BOOK NUMBER | |
| International Standard Book Number | 9781119666134 |
| 040 ## - CATALOGING SOURCE | |
| Transcribing agency | NUST IESE |
| 082 ## - DEWEY DECIMAL CLASSIFICATION NUMBER | |
| Edition number | SIXTH |
| Classification number | 338.5 |
| 245 ## - TITLE STATEMENT | |
| Title | MICROECONOMICS |
| 260 ## - PUBLICATION, DISTRIBUTION, ETC. | |
| Place of publication, distribution, etc. | CHICAGO |
| Name of publisher, distributor, etc. | Lise Johson |
| Date of publication, distribution, etc. | 2020 |
| 300 ## - PHYSICAL DESCRIPTION | |
| Extent | 772 |
| 942 ## - ADDED ENTRY ELEMENTS (KOHA) | |
| Source of classification or shelving scheme | |
| Koha item type | Book |
| Edition | SIXTH |
| Call number prefix | 338.5 |
| Withdrawn status | Lost status | Source of classification or shelving scheme | Damaged status | Not for loan | Permanent Location | Current Location | Shelving location | Date acquired | Source of acquisition | Total Checkouts | Full call number | Barcode | Date last seen | Price effective from | Koha item type |
|---|---|---|---|---|---|---|---|---|---|---|---|---|---|---|---|
| Institute of Environmental Science and Engineering (IESE) | Institute of Environmental Science and Engineering (IESE) | General Stacks | 05/02/2023 | NUST IESE | 338.5 | IESE-4021 | 05/02/2023 | Book |
